01276cam a22003254a 450000100090000000300050000900500170001400800410003101000170007202000150008902500270010403500260013103700630015703800110022004000130023104200100024404300210025405000240027508200230029924501520032226000400047430000260051465000820054065000850062265000430070765000670075065100590081770000340087670000400091015065794NUST20190516072808.0071012s2007 ii 000 0 eng  a 2007375140 a8189899538 aI-E-2007-375140; 61-91 a(IN-NdUBS)UBS07002759 bLibrary of Congress -- New Delhi Overseas OfficecRs695.00 awaseem aDLCcDLC alcode aa-ii---aa-pk---00aKNS40.P64bB32 2007 a954.500882946bBAB04aThe Babbar Akali case judgement :bfrom liberation of gurdwaras to national liberation /cedited by Malwinderjit Singh Waraich, Gurdev Singh Sidhu. aChandigarh :bUnistar Books,c2007. axii, 432 p. ;c23 cm. 0aTrials (Political crimes and offenses)zIndiazPunjabxHistoryy20th century. 0aTrials (Political crimes and offenses)zPakistanzLahorexHistoryy20th century. 0aBabar AkalisxTrials, litigation, etc. 0aSikhsxLegal status, laws, etc.zIndiaxHistoryy20th century. 0aPunjab (India)xPolitics and governmenty20th century.1 aWaraich, Malwinder Jit Singh.1 aSiddhū, Guradewa Siṅgha,d1941-